[Event "North American op 33rd"]
[Site "Las Vegas"]
[Date "2023.12.29"]
[Round "8"]
[White "Corrales Jimenez, Fidel"]
[Black "Burke, John M"]
[Result "1-0"]
[WhiteElo "2527"]
[BlackElo "2584"]
[PlyCount "97"]
[EventDate "2023.12.26"]
[EventType "swiss"]
[EventRounds "9"]
[EventCountry "USA"]
[SourceTitle "CB01_2024"]
[SourceDate "2024.01.03"]
[SourceVersion "1"]
[SourceVersionDate "2024.01.03"]
[SourceQuality "1"]

1. d4 Nf6 2. c4 e6 3. Nc3 Bb4 4. Qc2 d5 5. a3 Bxc3+ 6. Qxc3 0-0 7. Bg5 c5 8. cxd5 cxd4 9. Qxd4 Nc6 10. Qf4 exd5 11. Nf3 Re8 12. Bxf6 gxf6 13. Rd1 Re4 14. Qxe4 dxe4 15. Rxd8+ Nxd8 16. Nd4 Ne6 17. e3 Nxd4 18. exd4 Be6 19. Kd2 Rd8 20. Ke3 Rc8 21. g4 Rc2 22. Bg2 f5 23. gxf5 Bxf5 24. b4 Kf8 25. h4 Ke8 26. Re1 Ra2 27. Re2 Rxa3+ 28. Kf4 Bg6 29. Kg5 h5 30. Bxe4 Bxe4 31. Rxe4+ Kf8 32. Kxh5 Rf3 33. Kh6 Rf6+ 34. Kg5 Rxf2 35. h5 Rg2+ 36. Rg4 Rf2 37. h6 Kg8 38. d5 Kh7 39. Rf4 Rg2+ 40. Kf6 Rd2 41. Rf5 Kxh6 42. Kxf7 Rd4 43. Re5 Rf4+ 44. Ke7 Kg7 45. d6 Rf7+ 46. Kd8 Kf6 47. Re8 Rh7 48. d7 Rh4 49. Kc7 1-0

[Event "US Masters op"]
[Site "Charlotte"]
[Date "2023.11.24"]
[Round "5"]
[White "Salinas Herrera, Pablo Patricio"]
[Black "Burke, John M"]
[Result "1/2-1/2"]
[WhiteElo "2463"]
[BlackElo "2583"]
[PlyCount "49"]
[EventDate "2023.11.22"]
[EventType "swiss"]
[EventRounds "9"]
[EventCountry "USA"]
[SourceTitle "CB48_2023"]
[SourceDate "2023.11.29"]
[SourceVersion "1"]
[SourceVersionDate "2023.11.29"]
[SourceQuality "1"]

1. e4 e5 2. Nf3 Nc6 3. Bb5 a6 4. Ba4 Nf6 5. Nc3 Bc5 6. 0-0 b5 7. Bb3 0-0 8. a4 Rb8 9. axb5 axb5 10. d3 d6 11. Nd5 Nxd5 12. Bxd5 Ne7 13. Bb3 Ng6 14. Bg5 Qd7 15. Be3 Bxe3 16. fxe3 Qe7 17. Ra7 Rb7 18. Rxb7 Bxb7 19. Nd2 Bc8 20. Qh5 Be6 21. Ra1 Bxb3 22. Nxb3 c5 23. Nd2 Qb7 24. Qd1 Ra8 25. Qb1 1/2-1/2

[Event "Saint Louis Summer-A"]
[Site "Saint Louis"]
[Date "2023.08.09"]
[Round "8"]
[White "Bok, Benjamin"]
[Black "Burke, John M"]
[Result "1/2-1/2"]
[WhiteElo "2617"]
[BlackElo "2592"]
[PlyCount "197"]
[EventDate "2023.08.02"]
[EventType "tourn"]
[EventRounds "9"]
[EventCountry "USA"]
[EventCategory "15"]
[SourceTitle "CBM 215 Extra"]
[Source "ChessBase"]
[SourceDate "2023.09.30"]
[SourceVersion "1"]
[SourceVersionDate "2023.09.30"]
[SourceQuality "1"]

1. Nf3 d5 2. e3 Nf6 3. c4 e6 4. Nc3 c5 5. cxd5 exd5 6. Bb5+ Nc6 7. Ne5 Bd7 8. Bxc6 bxc6 9. Nxd7 Qxd7 10. b3 Bd6 11. Ba3 0-0 12. 0-0 c4 13. Bxd6 Qxd6 14. bxc4 dxc4 15. Qc2 Rfd8 16. Rfd1 Ng4 17. f4 Rab8 18. Rac1 Qd3 19. Qxd3 Rxd3 20. Rc2 Rbd8 21. Rb1 h6 22. Rbb2 g5 23. h3 Nf6 24. fxg5 hxg5 25. Nb1 Ne4 26. Rxc4 Nxd2 27. Nxd2 Rxd2 28. Rxd2 Rxd2 29. Rc5 Rxa2 30. Rxg5+ Kh7 31. Rc5 a5 32. Rxc6 a4 33. Kh2 a3 34. Ra6 Ra1 35. Kg3 a2 36. Kg4 Kg7 37. h4 Kh7 38. e4 Kg7 39. g3 Kh7 40. e5 Re1 41. Rxa2 Rxe5 42. h5 Kg7 43. Rf2 Ra5 44. Rf5 Ra3 45. Kf4 Rb3 46. Rc5 Ra3 47. g4 Rh3 48. Rg5+ Kh6 49. Rf5 Kg7 50. Rg5+ Kh6 51. Rf5 Kg7 52. Kg5 Rh1 53. Rf3 Rh2 54. Rf1 Rh3 55. Kf4 Kh6 56. Rc1 Kg7 57. Rd1 Kh7 58. Ra1 Kg7 59. Rb1 Kh7 60. Rc1 Kg7 61. Rf1 Kh6 62. Kf5 Kg7 63. Ke4 Rg3 64. Kf4 Rh3 65. Rf3 Rh1 66. Kg3 Rg1+ 67. Kh3 Rh1+ 68. Kg2 Rh4 69. Kg3 Rh1 70. Kg2 Rh4 71. Kg3 Rh1 72. Rf4 Kg8 73. Rf2 Kg7 74. Kf4 Kh7 75. Kg5 Kg7 76. h6+ Kg8 77. Rf5 Rh2 78. Rf1 Rh3 79. Rf2 Rh1 80. Rf6 Rh2 81. Rf1 Rh3 82. Rf2 Rh1 83. Rf5 Rh2 84. Ra5 Rh1 85. Rb5 Rh2 86. Rb6 Kh7 87. Kf5 Rf2+ 88. Ke5 Re2+ 89. Kf4 Rf2+ 90. Kg3 Rf1 91. g5 f6 92. Rb7+ Kh8 93. Rb8+ Kh7 94. Rb7+ Kh8 95. Rb8+ Kh7 96. Rb7+ Kh8 97. gxf6 Rxf6 98. h7 Rf3+ 99. Kxf3 1/2-1/2

[Event "Saint Louis Summer-A"]
[Site "Saint Louis"]
[Date "2023.08.05"]
[Round "4"]
[White "Theodorou, Nikolas"]
[Black "Burke, John M"]
[Result "1-0"]
[WhiteElo "2586"]
[BlackElo "2592"]
[PlyCount "75"]
[EventDate "2023.08.02"]
[EventType "tourn"]
[EventRounds "9"]
[EventCountry "USA"]
[EventCategory "15"]
[SourceTitle "CBM 215 Extra"]
[Source "ChessBase"]
[SourceDate "2023.09.30"]
[SourceVersion "1"]
[SourceVersionDate "2023.09.30"]
[SourceQuality "1"]

1. c4 e5 2. g3 Nf6 3. Bg2 Bc5 4. Nc3 c6 5. Nf3 e4 6. Nh4 d5 7. cxd5 cxd5 8. d3 Ng4 9. 0-0 g5 10. d4 Bb4 11. h3 gxh4 12. hxg4 hxg3 13. Qb3 Bxc3 14. bxc3 Nc6 15. fxg3 0-0 16. Bh6 Re8 17. Rf4 Na5 18. Qb5 a6 19. Qb4 Re6 20. g5 Rb6 21. Qc5 Rc6 22. Qb4 Be6 23. Raf1 Rac8 24. Rf6 Nc4 25. R1f4 Qd7 26. Qb1 Nd6 27. Qb4 Rc4 28. Qa5 Rxc3 29. Kh2 Rc2 30. Qe1 Rxa2 31. Qf2 Rcc2 32. Bf1 Ne8 33. Rh4 Qd6 34. g6 hxg6 35. Bf4 Qa3 36. Be5 Ng7 37. Rxe6 fxe6 38. Qf6 1-0

[Event "USA-chT College final"]
[Site "Webster Groves"]
[Date "2023.04.01"]
[Round "1.2"]
[White "Kevlishvili, Robby"]
[Black "Burke, John M"]
[Result "0-1"]
[WhiteElo "2541"]
[BlackElo "2583"]
[PlyCount "98"]
[EventDate "2023.04.01"]
[EventType "team-tourn"]
[EventRounds "3"]
[EventCountry "USA"]
[SourceTitle "CBM 213 Extra"]
[Source "ChessBase"]
[SourceDate "2023.05.31"]
[SourceVersion "1"]
[SourceVersionDate "2023.05.31"]
[SourceQuality "1"]
[WhiteTeam "Saint Louis Univ"]
[BlackTeam "Webster Univ"]
[WhiteTeamCountry "USA"]
[BlackTeamCountry "USA"]

1. e4 c5 2. Nf3 d6 3. d4 cxd4 4. Nxd4 Nf6 5. Nc3 Nc6 6. Bg5 e6 7. Qd2 a6 8. 0-0-0 Bd7 9. f3 Nxd4 10. Qxd4 Be7 11. h4 b5 12. Kb1 Qc7 13. Qd2 b4 14. Ne2 a5 15. g4 a4 16. Nd4 0-0 17. Be3 Rfc8 18. g5 Nh5 19. Bd3 e5 20. Ne2 Qb7 21. Rc1 Be6 22. c4 Rc6 23. Rc2 b3 24. Rcc1 a3 25. axb3 Rca6 26. Kc2 Rb8 27. Qc3 Bd8 28. b4 axb2 29. Rb1 Rc8 30. Rxb2 Rac6 31. c5 dxc5 32. bxc5 Qa7 33. Rb5 Ra6 34. Rhb1 Ra2+ 35. R1b2 Qa4+ 36. Kd2 Ba5 37. Rxa5 Rxb2+ 38. Kc1 Qb4 39. Bd2 Qxc3+ 40. Bxc3 Ra2 41. Rxa2 Bxa2 42. Kb2 Be6 43. Bxe5 Rxc5 44. f4 Bg4 45. Nc3 f6 46. Bd6 Rc6 47. e5 Nxf4 48. Bb5 Rb6 49. gxf6 Bd7 0-1

[Event "Los Angeles 1000GM Spring op"]
[Site "Los Angeles"]
[Date "2023.03.18"]
[Round "2"]
[White "Woodward, Andy"]
[Black "Burke, John M"]
[Result "1/2-1/2"]
[WhiteElo "2450"]
[BlackElo "2568"]
[PlyCount "55"]
[EventDate "2023.03.17"]
[EventType "swiss"]
[EventRounds "9"]
[EventCountry "USA"]
[SourceTitle "CBM 213 Extra"]
[Source "ChessBase"]
[SourceDate "2023.05.31"]
[SourceVersion "1"]
[SourceVersionDate "2023.05.31"]
[SourceQuality "1"]

1. d4 Nf6 2. c4 e6 3. g3 d5 4. Nf3 dxc4 5. Bg2 c6 6. Ne5 Bb4+ 7. Bd2 Be7 8. e3 b5 9. b3 cxb3 10. Qxb3 Bb7 11. a4 a6 12. 0-0 0-0 13. Rc1 Nd5 14. axb5 axb5 15. Rxa8 Bxa8 16. Qa2 Bb7 17. e4 Nf6 18. Qa7 Qc8 19. Nc3 b4 20. Na4 Nbd7 21. Nxd7 Nxd7 22. Qa5 Qa8 23. Bxb4 Qxa5 24. Bxa5 Ra8 25. Nb6 Rxa5 26. Nxd7 f6 27. Bf1 Ra4 28. Rb1 1/2-1/2

[Event "Chesterfield SPICE Cup op"]
[Site "Chesterfield"]
[Date "2022.12.21"]
[Round "6"]
[White "Burke, John M"]
[Black "Sethuraman, Sandeep"]
[Result "1-0"]
[WhiteElo "2580"]
[BlackElo "2394"]
[PlyCount "75"]
[EventDate "2022.12.18"]
[EventType "swiss"]
[EventRounds "9"]
[EventCountry "USA"]
[SourceTitle "CBM 212 Extra"]
[Source "ChessBase"]
[SourceDate "2023.03.31"]
[SourceVersion "1"]
[SourceVersionDate "2023.03.31"]
[SourceQuality "1"]

1. e4 c5 2. Nf3 d6 3. d4 cxd4 4. Nxd4 Nf6 5. Nc3 a6 6. Bg5 e6 7. Qf3 Nbd7 8. 0-0-0 Qc7 9. Kb1 b5 10. Bxf6 Nxf6 11. e5 Bb7 12. Ncxb5 axb5 13. Qb3 Bd5 14. Bxb5+ Nd7 15. c4 Be4+ 16. Ka1 d5 17. f3 dxc4 18. Nxe6 fxe6 19. Rxd7 cxb3 20. Rxc7+ Kd8 21. Rd7+ Kc8 22. fxe4 Rxa2+ 23. Kb1 Bb4 24. Rc1+ Kb8 25. Rc4 Be1 26. Rc6 Bf2 27. Rd3 Ra7 28. Ba6 Re8 29. Rxb3+ Ka8 30. Bb5 Rd8 31. Rd6 Rxd6 32. exd6 Ra5 33. d7 Bh4 34. Bc6+ Ka7 35. Rb7+ Ka6 36. b4 Rh5 37. Kc2 Be7 38. Kb3 1-0

[Event "Chesterfield SPICE Cup op"]
[Site "Chesterfield"]
[Date "2022.12.20"]
[Round "4"]
[White "Ghazarian, Kirk Vagho"]
[Black "Burke, John M"]
[Result "1-0"]
[WhiteElo "2469"]
[BlackElo "2580"]
[PlyCount "81"]
[EventDate "2022.12.18"]
[EventType "swiss"]
[EventRounds "9"]
[EventCountry "USA"]
[SourceTitle "CBM 212 Extra"]
[Source "ChessBase"]
[SourceDate "2023.03.31"]
[SourceVersion "1"]
[SourceVersionDate "2023.03.31"]
[SourceQuality "1"]

1. d4 Nf6 2. c4 e6 3. Nf3 d5 4. g3 Bb4+ 5. Bd2 a5 6. Bg2 0-0 7. Qc2 Be7 8. 0-0 c6 9. b3 b6 10. Nc3 Ba6 11. Ne5 dxc4 12. bxc4 Qxd4 13. Bf4 Qd8 14. Rfd1 Qc8 15. Rab1 Nfd7 16. Na4 Bb4 17. a3 Be7 18. Nxb6 Nxb6 19. Rxb6 Bxa3 20. Nxc6 Nxc6 21. Rxc6 Qe8 22. Rc7 Rd8 23. Ra1 e5 24. Rxa3 exf4 25. gxf4 Rd4 26. e3 Qd8 27. exd4 Qxc7 28. c5 Qxf4 29. Rxa5 Re8 30. Qd1 Bc4 31. Ra8 Rxa8 32. Bxa8 Kf8 33. Bg2 Ke7 34. d5 Bb5 35. d6+ Kd7 36. Qa1 Qc4 37. Bh3+ Kc6 38. d7 Qd3 39. Qa8+ Kxc5 40. Qf8+ Kc6 41. Qc8+ 1-0

[Event "US Masters op"]
[Site "Charlotte"]
[Date "2022.11.25"]
[Round "5"]
[White "Raja, Harshit"]
[Black "Burke, John M"]
[Result "0-1"]
[WhiteElo "2461"]
[BlackElo "2580"]
[PlyCount "64"]
[EventDate "2022.11.23"]
[EventType "swiss"]
[EventRounds "9"]
[EventCountry "USA"]
[SourceTitle "CBM 211 Extra"]
[Source "ChessBase"]
[SourceDate "2023.01.31"]
[SourceVersion "1"]
[SourceVersionDate "2023.01.31"]
[SourceQuality "1"]

1. e4 e5 2. Nf3 Nc6 3. Bb5 a6 4. Ba4 Nf6 5. 0-0 Be7 6. Re1 b5 7. Bb3 0-0 8. c3 d5 9. exd5 Nxd5 10. Nxe5 Nxe5 11. Rxe5 c6 12. d3 Bd6 13. Re1 Qh4 14. g3 Qh3 15. Re4 Nf6 16. Rh4 Qf5 17. Nd2 Ng4 18. f3 Ne3 19. Qe2 Nd5 20. Nf1 Qg6 21. c4 Nb4 22. Ne3 Nxd3 23. cxb5 axb5 24. Bd2 Re8 25. Kh1 Bc5 26. Bc2 Bf5 27. g4 Nf2+ 28. Qxf2 Bxc2 29. Rh5 Bb6 30. Re1 f5 31. Qh4 fxg4 32. Rg5 Bd8 0-1

[Event "Washington op 9th"]
[Site "Rockville"]
[Date "2022.08.15"]
[Round "5"]
[White "Burke, John M"]
[Black "Matviishen, Viktor"]
[Result "1-0"]
[WhiteElo "2573"]
[BlackElo "2506"]
[PlyCount "79"]
[EventDate "2022.08.13"]
[EventType "swiss"]
[EventRounds "9"]
[EventCountry "USA"]
[SourceTitle "CBM 209 Extra"]
[Source "ChessBase"]
[SourceDate "2022.09.30"]
[SourceVersion "1"]
[SourceVersionDate "2022.09.30"]
[SourceQuality "1"]

1. e4 c5 2. Nf3 d6 3. d4 cxd4 4. Nxd4 Nf6 5. Nc3 a6 6. Bg5 e6 7. f4 Be7 8. Qf3 Qc7 9. 0-0-0 Nbd7 10. g4 b5 11. Bxf6 Nxf6 12. g5 Nd7 13. f5 0-0 14. Rg1 b4 15. Nce2 e5 16. f6 exd4 17. fxe7 Re8 18. Nf4 Bb7 19. Nh5 Rxe7 20. Nf6+ Kh8 21. Bd3 Re5 22. Nxh7 Kxh7 23. g6+ Kg8 24. gxf7+ Kf8 25. Rdf1 b3 26. axb3 Qa5 27. Qg4 Ke7 28. f8Q+ Rxf8 29. Qxg7+ Ke8 30. Rxf8+ Nxf8 31. Rf1 Qa1+ 32. Kd2 Qa5+ 33. Kd1 Re7 34. Qxf8+ Kd7 35. Qf5+ Qxf5 36. exf5 Rh7 37. f6 Rh8 38. h4 Ke6 39. f7 Ke7 40. Bg6 1-0